Signal and System (Record no. 34697)

MARC details
000 -LEADER
fixed length control field 00431nam a22001817a 4500
005 - DATE AND TIME OF LATEST TRANSACTION
control field 20231103194113.0
008 - FIXED-LENGTH DATA ELEMENTS--GENERAL INFORMATION
fixed length control field 231103b |||||||| |||| 00| 0 eng d
020 ## - INTERNATIONAL STANDARD BOOK NUMBER
ISBN 9788177583809
082 ## - DEWEY DECIMAL CLASSIFICATION NUMBER
Classification number 621.3822
Item number GHO-S
100 ## - MAIN ENTRY--AUTHOR
Author Name Ghosh,Smarajit
245 ## - TITLE STATEMENT
Title Signal and System
260 ## - PUBLICATION, DISTRIBUTION, ETC.
Place of Publication pakistan
Name of publisher, distributor, etc. Pearson
Date of publication, distribution, etc. 2008
300 ## - PHYSICAL DESCRIPTION
Pages 474
500 ## - GENERAL NOTE
General note Include Index
650 ## - SUBJECT ADDED ENTRY--TOPICAL TERM
Subject / Department Enginering
700 ## - ADDED ENTRY--PERSONAL NAME
Personal name Smarajit Ghosh
952 ## - LOCATION AND ITEM INFORMATION (KOHA)
-- 0
-- 0
Holdings
Lost status Damaged status Collection code Permanent Location Current Location Shelving Location Date acquired Full Call Number Accession No./Barcode Date last seen item type Koha item type
    Engineering Superior Information Resource Center (SIRC) Superior University- Main Campus Superior Information Resource Center (SIRC) Superior University- Main Campus Engineering 11/03/2023 621.3822 GHO-S 2008 20946 11/03/2023 BOOK BOOK

Powered by Koha